00314pab a2200121 454500008004000000100002600040245005100066260000900117300001100126362001500137650002000152773002000172180718b1989 xxu||||| |||| 00| 0 eng d aNwodo, Christopher S. aThe philosophical basis for human rights claim c1989 a214-32 aApr.-Sept. aCivil Liberties aIndia Quarterly